UFC 2026 CHAMP - Statistiques

Statistiques générales
  • Ce quiz a été pris 199 fois
  • Le résultat moyen est 6 sur 8
Statistiques - réponses
Hint Réponse % Correct
Lightweight Ilia topuria
92%
Midlleweight Khamzat Chimaev
78%
Welterweight Islam Makhachev
77%
Flyweight Joshua Van
76%
Heavyweight Tom Aspinall
72%
Feitherweight Alexander Volkanovski
71%
Bantamweight Petr Yan
70%
Light Heavyweight Carlos Ulberg
55%
Aucun quiz correspondant
Distribution des résultats
% des personnes avec chaque résultat
Percentile par nombre de réponses
Votre historique - résultats
Vous n’avez pas pris ce quiz